| 000 | 00527nam a22001697a 4500 | ||
|---|---|---|---|
| 003 | URS | ||
| 005 | 20220114171527.0 | ||
| 008 | 170323b xxu||||| |||| 00| 0 eng d | ||
| 020 | _a0023058919 | ||
| 050 |
_aHG4027.5 _bB35 |
||
| 100 |
_aBaker, James Calvin _4author |
||
| 245 |
_aInternational business finance _bmanagement, markets and institutions _cJames C. Baker |
||
| 260 |
_aN.J. _bPrentice Hall _c1998 |
||
| 300 |
_axxii, 538 pages; _c26 cm. |
||
| 504 | _aIncludes bibliographical references and index. | ||
| 942 |
_cFR _2lcc |
||
| 999 |
_c14050 _d14050 |
||